Wait for me! / (Record no. 111943)
[ view plain ]
| 000 -LEADER | |
|---|---|
| fixed length control field | 00666nam a2200205 a 4500 |
| 001 - CONTROL NUMBER | |
| control field | 3589 |
| 005 - DATE AND TIME OF LATEST TRANSACTION | |
| control field | 20140414131925.0 |
| 008 - FIXED-LENGTH DATA ELEMENTS--GENERAL INFORMATION | |
| fixed length control field | 050727s19uu xx 00 eng d |
| 020 ## - INTERNATIONAL STANDARD BOOK NUMBER | |
| International Standard Book Number | 0-516-25116-3 |
| 050 ## - LIBRARY OF CONGRESS CALL NUMBER | |
| Classification number | ER |
| Item number | W13 2004 |
| 100 ## - MAIN ENTRY--PERSONAL NAME | |
| Personal name | Gerver, Jane E. |
| 245 #0 - TITLE STATEMENT | |
| Title | Wait for me! / |
| Statement of responsibility, etc | written by Jane E. Gerver ; illustrated by Mick Reid. |
| 260 ## - PUBLICATION, DISTRIBUTION, ETC. (IMPRINT) | |
| Place of publication, distribution, etc | Columbus, Ohio : |
| Name of publisher, distributor, etc | Children's Press, |
| Date of publication, distribution, etc | 2004. |
| 300 ## - PHYSICAL DESCRIPTION | |
| Extent | 1 v. p. : ill. ; cm. |
| 440 ## - SERIES STATEMENT/ADDED ENTRY--TITLE | |
| Title | My First Reader |
| 520 ## - SUMMARY, ETC. | |
| Summary, etc | No one will wait for a little boy who is always late until he finds a friend who is late too. |
| 650 ## - SUBJECT ADDED ENTRY--TOPICAL TERM | |
| Topical term or geographic name as entry element | Punctuality |
| General subdivision | Fiction. |
| 650 ## - SUBJECT ADDED ENTRY--TOPICAL TERM | |
| Topical term or geographic name as entry element | Stories in rhyme. |
| Withdrawn status | Lost status | Damaged status | Home library | Current library | Shelving location | Date acquired | Source of acquisition | Total Checkouts | Full call number | Barcode | Date last seen | Price effective from | Koha item type |
|---|---|---|---|---|---|---|---|---|---|---|---|---|---|
| Munich Library | Munich Library | Easy Reading Section | 07/27/2005 | ER W13 2004 | M2914 | 04/14/2014 | 04/14/2014 | Books |